000 00719nam a2200241Ia 4500
003 OSt
005 20220918222354.0
006 a|||||r|||| 00| 0
007 ta
008 220917b |||||||| |||| 00| 0 eng d
024 _a216,685
037 _cTextual
040 _aARTS
_cARTS
_beng
041 _2eng
_aeng
082 _aR841om19G, N8
100 _aHall David L.
_954075
245 0 _aThinking from the Han
_b self, truth and transcendence in chinese and western culture
260 _aNew York
_bState univ. of New press
_c1998
300 _axix, 336p
_ccm.
700 _a Ames Roger T.
_921109
942 _hR841om19G, N8
_cTEXL
_2CC
999 _c275356
_d275356